We must have no price ; (Record no. 68689)

MARC details
000 -LEADER
fixed length control field 00792nam a22002057a 4500
005 - DATE AND TIME OF LATEST TRANSACTION
control field 20120726101720.0
010 ## - LCCN (DPL NO)
LC control number G-002069
020 ## - INTERNATIONAL STANDARD BOOK NUMBER
International Standard Book Number 9788129115638
Terms of availability 495.00
035 ## - SYSTEM CONTROL NUMBER
System control number G-002069
037 ## - SOURCE OF ACQUISITION
Stock number dpl
Source of stock number/acquisition Gift
082 ## - DEWEY DECIMAL CLASSIFICATION NUMBER
Classification number 320.954
100 ## - MAIN ENTRY--PERSONAL NAME
Personal name Shourie, Arun
245 ## - TITLE STATEMENT
Title We must have no price ;
Remainder of title National security, Reforms, Political Reconstruction
Statement of responsibility, etc by Arun Shourie
260 ## - PUBLICATION, DISTRIBUTION, ETC. (IMPRINT)
Place of publication, distribution, etc New Delhi
Name of publisher, distributor, etc Rupa and Co.
Date of publication, distribution, etc 2010
270 ## - ADDRESS
Address 7/16, Ansari road, Daryaganj
City New Delhi
Postal code 110002
300 ## - PHYSICAL DESCRIPTION
Extent 343 p.
Other physical details index..
Dimensions 22 cm.
942 ## - ADDED ENTRY ELEMENTS (KOHA)
Source of classification or shelving scheme Dewey Decimal Classification
Item type English Books
Call number suffix SHO
Classification part 320.954
Holdings
Withdrawn status Lost status Not for loan Collection code Home library Current library Date acquired Source of acquisition Cost, normal purchase price Full call number Barcode Copy number Cost, replacement price Koha item type
      Non-fiction Vinoba Puri Vinoba Puri 26/07/2012 Gift 495.00 320.954 SHO G-002069 1 495.00 English Books

© Delhi Public Library
Hit Counter
free hit counter